000
00340nam a2200145Ia 4500
008
230718s9999 xx 000 0 und d
041
_a
Eng.
082
_a
519.5
_b
MAL-I
100
_a
Malfol, Ronalde E
245
0
_a
Intruduction to sixtistes
260
_a
Pakistan
_b
Macmillan fab
_c
1965
300
_a
253
650
_a
Law
999
_c
26311
_d
26311